000 00911nam a22002651 4500
001 10251
003 BD-RjUL
005 20211208234924.0
008 140123s1963 nyua b 000 0 eng
020 _a0470152796
035 _a(BD-RjUL)10299
040 _aDLC/ICU
_cICU
_dDLC
_dDLC
_dBD-RjUL
_beng
041 _aeng
082 0 0 _a547
_223
_bCHI 1963
100 1 0 _aCheronis, Nicholas Dimitrius,
_d1896-1962.
_931677
245 1 0 _aIdentification of organic compounds :
_ba student's text using semimicro techniques /
_cNicholas D. Cheronis and John B. Entrikin.
260 _aNew York :
_bInterscience Publishers,
_cc1963.
300 _avi, 477 p. :
_bill.. ;
_c25 cm.
504 _aIncludes bibliography.
650 0 _aChemistry, Organic
_xTables.
_931678
650 0 _aMicrochemistry.
_929314
700 1 _aEntrikin, John Bennett,
_d1899-
_ejoint author.
_931679
942 _2ddc
_cBK
999 _c10251
_d10251